[Event "Bayern KO"]
[Site "SchemingMind.com"]
[Date "2017.09.26"]
[Round "-"]
[White "fu_manchu"]
[Black "aliwood"]
[Result "1-0"]
[WhiteCountry "CAN"]
[BlackCountry "ENG"]
[WhiteElo "1880"]
[WhiteRD "70"]
[BlackElo "1301"]
[BlackRD "55"]
[GameID "418890"]

1. e4 e5 2. f4 Bc5 3. Nf3 d6 4. Be2 Nf6 5. Nc3 O-O 6. Na4 b6 7. Nxc5 bxc5 8. fxe5 dxe5 9. d3 Bb7 10. Nxe5 g6
11. Nf3 Nbd7 12. O-O Re8 13. Bd2 Nb6 14. Bg5 Nbd7 15. e5 Nxe5 16. Nxe5 Rxe5 17. Bxf6 Re6 18. Bxd8 Rxd8 19. c3 a5 20. Bg4 Red6
21. Be2 Be4 22. Qb3 Bd5 23. c4 Be6 24. Qb5 c6 25. Qxc5 a4 26. b4 Bf5 27. Rxf5
1-0

[Event "Bayern KO"]
[Site "SchemingMind.com"]
[Date "2017.09.26"]
[Round "-"]
[White "aliwood"]
[Black "fu_manchu"]
[Result "0-1"]
[WhiteCountry "ENG"]
[BlackCountry "CAN"]
[WhiteElo "1301"]
[WhiteRD "55"]
[BlackElo "1880"]
[BlackRD "70"]
[GameID "418891"]

1. Nf3 d5 2. e3 Nf6 3. g3 Bg4 4. Bg2 e5 5. O-O e4 6. d4 exf3 7. Bxf3 Bxf3 8. Qxf3 Nc6 9. a3 Qd7 10. b4 Bd6
11. Nd2 O-O 12. Nb3 Ne4 13. Nd2 Ng5 14. Qg2 Be7 15. Nf3 Ne4 16. Bb2 a5 17. c3 axb4 18. axb4 Na7 19. Rfd1 Nb5 20. Rxa8 Rxa8
21. Ne5 Qe8 22. f3 Nexc3 23. Bxc3 Nxc3 24. Rc1 Bxb4 25. f4 Qb5
0-1

[Event "Bayern KO"]
[Site "SchemingMind.com"]
[Date "2017.10.14"]
[Round "-"]
[White "Helga1946"]
[Black "Geoffrey Rosser"]
[Result "1-0"]
[WhiteCountry "GER"]
[BlackCountry "ENG"]
[WhiteElo "2221"]
[WhiteRD "71"]
[BlackElo "2035"]
[BlackRD "72"]
[GameID "419400"]

1. e4 e5 2. Nf3 Nc6 3. Bb5 a6 4. Bxc6 dxc6 5. h3 Nf6 6. d3 Bc5 7. c3 Bd6 8. Bg5 O-O 9. Nbd2 Re8 10. Nc4 Re6
11. O-O b5 12. d4 Bd7 13. Ncxe5 Be8 14. Bh4 c5 15. d5 Rxe5 16. Nxe5 Bxe5 17. f4 Bd6 18. e5 Be7 19. exf6 Bxf6 20. Bxf6 Qxf6
21. Qf3 c6 22. Rfe1 cxd5 23. Qxd5 Qc6 24. Rad1 Qxd5 25. Rxd5 c4 26. Red1 a5 27. a4 f6 28. axb5 Kf7 29. b6 Rb8 30. Rd6 Ke7
31. g4 Ba4 32. R1d5 Rb7 33. f5 Bc2 34. Rc6 Ke8 35. Rc8+
1-0

[Event "Bayern KO"]
[Site "SchemingMind.com"]
[Date "2017.10.14"]
[Round "-"]
[White "Geoffrey Rosser"]
[Black "Helga1946"]
[Result "0-1"]
[WhiteCountry "ENG"]
[BlackCountry "GER"]
[WhiteElo "2042"]
[WhiteRD "74"]
[BlackElo "2282"]
[BlackRD "76"]
[GameID "419401"]

1. e4 e5 2. Nf3 Nc6 3. Bc4 Bc5 4. c3 Qf6 5. O-O d6 6. d3 Bg4 7. Nbd2 h6 8. b4 Bb6 9. Qb3 Nge7 10. a4 a5
11. b5 Nd8 12. h3 h5 13. d4 Ng6 14. dxe5 dxe5 15. Re1 Nf4 16. g3= Nxh3+ 17. Kg2 Nxf2 18. Be2 Bh3+ 19. Kh2 h4 20. Nxh4 Rxh4
21. Nf3 Ng4+ 22. Kh1 Bf1+
0-1

[Event "Bayern KO"]
[Site "SchemingMind.com"]
[Date "2017.10.11"]
[Round "-"]
[White "smothered mate"]
[Black "spoke"]
[Result "1-0"]
[WhiteCountry "POL"]
[BlackCountry "GER"]
[WhiteElo "2109"]
[WhiteRD "88"]
[BlackElo "1729"]
[BlackRD "70"]
[GameID "419417"]

1. e4 e5 2. Nf3 Nc6 3. Bb5 Bb4 4. c3 Ba5 5. O-O Nge7 6. d4 exd4 7. cxd4 d5 8. exd5 Qxd5 9. Qd3 Bf5 10. Qe2 O-O
11. Nc3 Bxc3 12. bxc3 a6 13. Bc4 Qd7 14. Rd1 Na5 15. Ne5 Qd6 16. Bg5 Nxc4 17. Nxc4 Qe6 18. Qxe6 Bxe6 19. Bxe7 Bxc4 20. Bxf8 Kxf8
21. f3 Re8 22. Re1 Rxe1+ 23. Rxe1 Bxa2 24. Kf2 f6 25. Ke3 Ke7 26. Kd3+
1-0

[Event "Bayern KO"]
[Site "SchemingMind.com"]
[Date "2017.10.10"]
[Round "-"]
[White "spoke"]
[Black "smothered mate"]
[Result "0-1"]
[WhiteCountry "GER"]
[BlackCountry "POL"]
[WhiteElo "1729"]
[WhiteRD "70"]
[BlackElo "2109"]
[BlackRD "88"]
[GameID "419418"]

1. e4 e6 2. d4 d5 3. Nd2 Nf6 4. e5 Nfd7 5. Bd3 c5 6. c3 Nc6 7. Ne2 cxd4 8. cxd4 f6 9. exf6 Nxf6 10. O-O Qc7
11. a3 Bd6 12. Nf3 O-O 13. Bg5 e5 14. dxe5 Nxe5 15. Ned4 Bg4 16. Qd2 Bxf3 17. Ne6 Qf7 18. Nxf8 Rxf8 19. Qc2 Be4 20. Bxe4 Nxe4
21. Be3 Nf3+ 22. gxf3 Qg6+
0-1

[Event "Bayern KO"]
[Site "SchemingMind.com"]
[Date "2017.10.13"]
[Round "-"]
[White "ray winteringham"]
[Black "Chessibelle"]
[Result "1-0"]
[WhiteCountry "ENG"]
[BlackCountry "ENG"]
[WhiteElo "1535"]
[WhiteRD "53"]
[BlackElo "1098"]
[BlackRD "60"]
[GameID "419517"]

1. e4 e5 2. Nf3 Nc6 3. Bb5 f6 4. d3 Nge7 5. Be3 h6 6. Nc3 g5 7. Qe2 Bg7 8. O-O d6 9. d4 O-O 10. d5 Nd4
11. Nxd4 exd4 12. Bxd4 c6 13. Bc4 a6 14. dxc6+ Kh8 15. cxb7 Bxb7 16. f3 Rb8 17. Rab1 Kh7 18. a3 Bc8 19. Bxa6 Be6 20. Bd3 Nc6
21. Be3 Qe8 22. e5+ Kg8 23. exd6 Qd8 24. Bc5 Re8 25. Bg6 Rf8 26. Qxe6+ Kh8 27. Be4 Ne5 28. Qf5 Kg8 29. Qh7+ Kf7 30. Bd5+ Ke8
31. Qxg7 Nf7 32. Bc6+ Qd7 33. Rfe1+ Kd8 34. Qxf8+
1-0

[Event "Bayern KO"]
[Site "SchemingMind.com"]
[Date "2017.10.13"]
[Round "-"]
[White "Chessibelle"]
[Black "ray winteringham"]
[Result "0-1"]
[WhiteCountry "ENG"]
[BlackCountry "ENG"]
[WhiteElo "1098"]
[WhiteRD "60"]
[BlackElo "1535"]
[BlackRD "53"]
[GameID "419518"]

1. e4 c5 2. Nc3 Nc6 3. Nf3 g6 4. d3 Bg7 5. Be2 e5 6. O-O Nge7 7. a3 O-O 8. Ng5 f5 9. f3 f4 10. g3 fxg3
11. hxg3 d6 12. Rf2 Qd7 13. Qf1 Nd4 14. Bd1 h6 15. Nh3 Qxh3 16. Rh2 Qxg3+ 17. Kh1 Nxf3 18. Rh3 Bxh3 19. Qe2 Qg1#
0-1

[Event "Bayern KO"]
[Site "SchemingMind.com"]
[Date "2017.10.22"]
[Round "-"]
[White "John Hamer"]
[Black "Scooter"]
[Result "1-0"]
[WhiteCountry "ENG"]
[BlackCountry "USA"]
[WhiteElo "1995"]
[WhiteRD "69"]
[BlackElo "1688"]
[BlackRD "56"]
[GameID "419805"]

1. d4 d5 2. c4 Nf6 3. Nc3 e6 4. Bf4 Bd6 5. Bxd6 Qxd6 6. Nf3 c6 7. e3 O-O 8. Bd3 Nbd7 9. O-O e5 10. cxd5 Nxd5
11. Qc2 g6 12. Rac1 exd4 13. exd4 Nb4 14. Qd2 Nxd3 15. Qxd3 Re8 16. Ne4 Qf4 17. Rfe1 Kf8 18. g3 Qh6 19. Nd6 Rxe1+ 20. Rxe1 Nf6
21. Qb3 Qg7 22. Qa3 Kg8 23. Ne8 Bd7 24. Nxg7
1-0

[Event "Bayern KO"]
[Site "SchemingMind.com"]
[Date "2017.10.23"]
[Round "-"]
[White "Scooter"]
[Black "John Hamer"]
[Result "1-0"]
[WhiteCountry "USA"]
[BlackCountry "ENG"]
[WhiteElo "1688"]
[WhiteRD "56"]
[BlackElo "1995"]
[BlackRD "69"]
[GameID "419806"]

1. d4 Nf6 2. Nf3 g6 3. Bf4 Bg7 4. e3 d5 5. Be2 O-O 6. Nbd2 Nbd7 7. h3 c5 8. c3 b6 9. O-O Bb7 10. Ne5 Ne8
11. Nxd7 Qxd7 12. Bg4 e6 13. Qb3 c4 14. Qc2 Nd6 15. Bf3 Rac8 16. Rfc1 Rfe8 17. e4 e5 18. dxe5 Bxe5 19. Bxe5 Rxe5 20. exd5 Rce8
21. Kf1 Qe7 22. g3 Qd7 23. Bg2 Bxd5 24. g4 Be6 25. Re1 Ra5 26. Ne4 Qe7 27. Nxd6 Qxd6 28. Rad1 Qe7 29. a3 Rc5 30. Rd5 Kg7
31. Rxc5 Qxc5 32. Qa4 Qe7 33. Bd5 Rc8 34. Re4 Rc5 35. Bxc4 Ra5 36. Qb3 Qb7 37. f3 Bxc4+ 38. Qxc4 Rd5 39. Kf2 Rd2+ 40. Re2 b5
41. Qe4 Qb6+ 42. Qe3 Rxe2+ 43. Kxe2 Qc7 44. f4 Qc4+ 45. Kf2 Qc7 46. Qe5+ Qxe5 47. fxe5 f6 48. exf6+ Kxf6 49. Ke3 Ke5 50. h4 Kd5
51. b3 Ke6 52. Kd4 Kd6= 53. c4 Kc6 54. cxb5+ Kxb5 55. g5 a6 56. Kd5 a5 57. Kd6
1-0

[Event "Bayern KO"]
[Site "SchemingMind.com"]
[Date "2017.10.29"]
[Round "-"]
[White "Greg Magne"]
[Black "frankly"]
[Result "0-1"]
[WhiteCountry "CAN"]
[BlackCountry "ENG"]
[WhiteElo "1756"]
[WhiteRD "83"]
[BlackElo "2610"]
[BlackRD "61"]
[GameID "419999"]

1. e4 c5 2. Nf3 Nc6 3. d4 cxd4 4. Nxd4 Nf6 5. Nc3 e5 6. Ndb5 d6 7. Bg5 a6 8. Na3 b5 9. Nd5 Be7 10. Bxf6 Bxf6
11. c4 b4 12. Nc2 a5 13. Be2 O-O 14. Nxf6+ Qxf6 15. O-O Rd8 16. Kh1 Be6 17. b3 a4 18. Qd2 axb3 19. axb3 Rxa1 20. Nxa1 Nd4
21. Bd1 Qf4 22. Qxf4 exf4 23. f3 Ra8 24. Nc2 Nxb3 25. Nxb4 Bxc4 26. Re1 Nd4
0-1

[Event "Bayern KO"]
[Site "SchemingMind.com"]
[Date "2017.10.29"]
[Round "-"]
[White "frankly"]
[Black "Greg Magne"]
[Result "1-0"]
[WhiteCountry "ENG"]
[BlackCountry "CAN"]
[WhiteElo "2610"]
[WhiteRD "61"]
[BlackElo "1756"]
[BlackRD "83"]
[GameID "420000"]

1. e4 Nf6 2. e5 Nd5 3. d4 d6 4. Nf3 Bg4 5. Be2 e6 6. O-O Be7 7. c4 Nb6 8. Nc3 dxe5 9. Nxe5 Bxe2 10. Qxe2 N8d7
11. Nf3 O-O 12. Bf4 c5 13. Rfd1 Rc8 14. d5 exd5 15. Nxd5 Nxd5 16. Rxd5 Re8 17. Qd3
1-0

[Event "Bayern KO"]
[Site "SchemingMind.com"]
[Date "2017.11.01"]
[Round "-"]
[White "Don71"]
[Black "echecs"]
[Result "1-0"]
[WhiteCountry "NIR"]
[BlackCountry "ENG"]
[WhiteElo "2342"]
[WhiteRD "99"]
[BlackElo "1785"]
[BlackRD "67"]
[GameID "420116"]

1. e4 e5 2. Nf3 Nc6 3. Bb5 a6 4. Bxc6 dxc6 5. O-O Bd6 6. d4 Qe7 7. dxe5 Bxe5 8. Nxe5 Qxe5 9. Nc3 Nf6 10. Qf3 O-O
11. Bf4 Qe7 12. h3 Ne8 13. Rad1 Be6 14. Qg3 g6 15. Rfe1 Nd6 16. Bg5 Qe8 17. Bh6 f6 18. Bxf8 Qxf8 19. b3 Re8 20. e5 fxe5
21. Rxe5 Qf7 22. Ne4 Nf5 23. Qf4 Qg7 24. Ng5 Bd7 25. Qc4+ Kf8 26. Rxe8+ Kxe8 27. Rxd7 Qxd7 28. Qg8+ Ke7 29. Qf7+ Kd6 30. Ne4+
1-0

[Event "Bayern KO"]
[Site "SchemingMind.com"]
[Date "2017.11.01"]
[Round "-"]
[White "echecs"]
[Black "Don71"]
[Result "0-1"]
[WhiteCountry "ENG"]
[BlackCountry "NIR"]
[WhiteElo "1785"]
[WhiteRD "67"]
[BlackElo "2342"]
[BlackRD "99"]
[GameID "420117"]

1. e4 e5 2. Nf3 Nc6 3. Bc4 Nf6 4. Ng5 d5 5. exd5 Na5 6. Bb5+ Bd7 7. Qe2 Be7 8. a4 Nxd5 9. Qxe5 O-O 10. Qxd5 c6
11. Nxf7 Rxf7 12. Qa2 cxb5 13. axb5 Bxb5 14. Qxa5 Qe8 15. Qxb5 Qxb5 16. Nc3 Qe5+ 17. Kf1 Rxf2+
0-1

[Event "Bayern KO"]
[Site "SchemingMind.com"]
[Date "2017.11.04"]
[Round "-"]
[White "Mitch The Man"]
[Black "Nouveau L"]
[Result "0-1"]
[WhiteCountry "USA"]
[BlackCountry "FRA"]
[WhiteElo "1338"]
[WhiteRD "60"]
[BlackElo "2254"]
[BlackRD "88"]
[GameID "420260"]

1. e4 c5 2. c4 Nc6 3. Nf3 e5 4. h3 d6 5. a3 f5 6. Bd3 fxe4 7. Bxe4 Nf6 8. Bxc6+ bxc6 9. O-O Be7 10. d3 a5
11. Re1 O-O 12. Qc2 Qe8 13. Be3 Bf5 14. Nh4 Bxh3 15. gxh3 Qh5 16. Ng2 Qxh3 17. Kf1 Ng4 18. Ke2 Qxg2 19. Kd2 Nxe3 20. Rxe3 Rxf2+
0-1

[Event "Bayern KO"]
[Site "SchemingMind.com"]
[Date "2017.11.04"]
[Round "-"]
[White "Nouveau L"]
[Black "Mitch The Man"]
[Result "1-0"]
[WhiteCountry "FRA"]
[BlackCountry "USA"]
[WhiteElo "2254"]
[WhiteRD "88"]
[BlackElo "1338"]
[BlackRD "60"]
[GameID "420261"]

1. d4 d5 2. c4 e6 3. Nf3 c6 4. e3 Bd6 5. Bd3 Ne7 6. O-O O-O 7. b3 a6 8. Qc2 g6 9. Nbd2 Kh8 10. e4 Rg8
11. Re1 Qf8 12. e5 Bc7 13. h3 Qg7 14. Nf1 Ba5 15. Bg5 Bxe1 16. Bxe7 Nd7 17. Rxe1 Re8 18. Bg5 h6 19. Bd2 Rg8 20. Ng3 Nb6
21. Qc1 Bd7 22. Bxh6
1-0

[Event "Bayern KO"]
[Site "SchemingMind.com"]
[Date "2017.11.09"]
[Round "-"]
[White "Nirvana"]
[Black "Kenny Elliott"]
[Result "0-1"]
[WhiteCountry "ALG"]
[BlackCountry "USA"]
[WhiteElo "1465"]
[WhiteRD "177"]
[BlackElo "1615"]
[BlackRD "73"]
[GameID "420454"]

1. f4 d5 2. Nf3 Bg4 3. e3 c5 4. Be2 Nf6 5. O-O Qb6 6. b3 g6 7. Bb2 Bg7 8. d4 O-O 9. Nbd2 Nbd7 10. h3 Bxf3
11. Bxf3 c4 12. Bc3 cxb3 13. cxb3 e5 14. fxe5 Nxe5 15. Rc1 Nd3 16. Rc2 Rfe8
0-1

[Event "Bayern KO"]
[Site "SchemingMind.com"]
[Date "2017.11.09"]
[Round "-"]
[White "Kenny Elliott"]
[Black "Nirvana"]
[Result "1-0"]
[WhiteCountry "USA"]
[BlackCountry "ALG"]
[WhiteElo "1615"]
[WhiteRD "73"]
[BlackElo "1465"]
[BlackRD "177"]
[GameID "420455"]

1. d4 d5 2. c4 Nf6 3. Nf3 Bf5 4. Bg5 e6 5. Qb3 b6 6. cxd5 exd5 7. Nc3 Be6 8. e3 Nc6 9. Bb5 Bd7 10. Bxc6 Bxc6
11. Ne5 Qd6 12. Nb5 Bxb5 13. Bxf6 Bc4 14. Nxc4 dxc4 15. Qxc4 Qxf6 16. Qxc7 Bb4+ 17. Kf1
1-0

[Event "Bayern KO"]
[Site "SchemingMind.com"]
[Date "2017.11.14"]
[Round "-"]
[White "Clive Everill"]
[Black "pmdpsp"]
[Result "1-0"]
[WhiteCountry "CZE"]
[BlackCountry "GER"]
[WhiteElo "1748"]
[WhiteRD "61"]
[BlackElo "1743"]
[BlackRD "98"]
[GameID "420562"]

1. e4 g6 2. d4 e6 3. Nc3 Bg7 4. f4 Ne7 5. Nf3 d5 6. e5 Nd7 7. Bd3 c5 8. Be3 Qb6 9. b3 Bh6 10. O-O Nc6
11. Na4 Qd8 12. dxc5 Ndxe5 13. Nxe5 Nxe5 14. Bb5+ Bd7 15. Bxd7+ Nxd7 16. Qd4 O-O 17. c3 Bg7 18. Qd3 Qa5 19. Rfc1 Rac8 20. Bd4 b6
21. Bxg7 Kxg7 22. cxb6 axb6 23. Nb2 Nc5 24. Qd4+ Kg8 25. b4 Qb5 26. a4 Nb3 27. axb5 Nxd4 28. cxd4 Rb8 29. Rc6 Rb7 30. Ra6 Rfb8
31. Na4 Kf8 32. Nxb6 Ke7 33. Nc8+ Kd7 34. Nb6+ Ke7 35. g4 Kf6 36. Kg2 h5 37. h3 hxg4 38. hxg4 Ke7 39. g5 Rd8 40. Nc8+ Kf8
41. Rcb6 Rc7 42. Nd6 Rdd7 43. Rb8+ Kg7 44. Ne8+ Kh7 45. Nxc7 Rxc7 46. Raa8 f5 47. Rh8+ Kg7 48. b6 Rb7 49. Rhb8 Rd7 50. b7 Rf7
51. Rg8+ Kh7 52. Rh8+ Kg7 53. Rag8#
1-0

[Event "Bayern KO"]
[Site "SchemingMind.com"]
[Date "2017.11.14"]
[Round "-"]
[White "pmdpsp"]
[Black "Clive Everill"]
[Result "1-0"]
[WhiteCountry "GER"]
[BlackCountry "CZE"]
[WhiteElo "1743"]
[WhiteRD "98"]
[BlackElo "1748"]
[BlackRD "61"]
[GameID "420563"]

1. c4 Nf6 2. Nc3 e6 3. d4 Bb4 4. Qc2 O-O 5. a3 Bxc3+ 6. Qxc3 b5 7. c5 Ne4 8. Qb3 Qf6 9. Qf3 Qxd4 10. Qe3 Nc6
11. Nf3 Qxc5 12. Qxe4 d5 13. Qd3 e5 14. Ng5 e4 15. Qg3 f6 16. Nh3 Kh8 17. Bd2 Qe7 18. Nf4 Qf7 19. h4 Nd4 20. Rc1 Nb3
21. Rc2 Nxd2 22. Rxd2 Bb7 23. e3 c5 24. Bxb5 g5 25. hxg5 fxg5 26. Qxg5 Rg8 27. Qe5+ Rg7 28. Nxd5 Bxd5 29. Rxd5 Rf8 30. f3 exf3
31. Bd3 f2+ 32. Kf1 Kg8 33. Rxc5 Qb7 34. Bc4+ Kh8 35. Rxh7+
1-0

[Event "Bayern KO"]
[Site "SchemingMind.com"]
[Date "2017.11.14"]
[Round "-"]
[White "emvarela"]
[Black "abuteague"]
[Result "0-1"]
[WhiteCountry "ARG"]
[BlackCountry "USA"]
[WhiteElo "1912"]
[WhiteRD "71"]
[BlackElo "1683"]
[BlackRD "71"]
[GameID "420627"]

1. e4 d6 2. d4 Nf6 3. Nc3 c6 4. Nf3 Qa5 5. Bd2 e5 6. Nd5 Qd8 7. Nxf6+ Qxf6 8. Bg5 Qe6 9. dxe5 h6 10. Bf4 dxe5
11. Nxe5 Be7 12. Bc4 Qf6 13. Bxf7+ Kf8 14. Qd4 Be6 15. Ng6+ Kxf7 16. Nxh8+ Kg8 17. Qxf6 Bxf6 18. Ng6 Nd7 19. e5 Bd8 20. O-O-O Bc7
0-1

[Event "Bayern KO"]
[Site "SchemingMind.com"]
[Date "2017.11.17"]
[Round "-"]
[White "abuteague"]
[Black "emvarela"]
[Result "1-0"]
[WhiteCountry "USA"]
[BlackCountry "ARG"]
[WhiteElo "1674"]
[WhiteRD "75"]
[BlackElo "1747"]
[BlackRD "64"]
[GameID "420628"]

1. d4 Nf6 2. Bg5 d5 3. Bxf6 exf6 4. Nf3 Bb4+ 5. c3 Bd6 6. e3 O-O 7. Bd3 c5 8. dxc5 Bxc5 9. O-O Nc6 10. Qc2 g6
11. Nh4 Ne5 12. Be2 f5 13. Nd2 Qxh4 14. Nf3 Nxf3+ 15. Bxf3 Be6 16. g3 Qf6 17. Qb3 Rfd8 18. Qc2 Kg7 19. Rfd1 Qe5 20. Bg2 a5
21. a3 h6 22. Rd2 Be7 23. Rad1 b5 24. Rd3 Rac8 25. Qd2 Rd6 26. Qe2 Rd7 27. R1d2 b4 28. cxb4 axb4 29. axb4 Bxb4 30. Rc2 Rdc7
31. Rxc7 Rxc7 32. h4 Rc1+ 33. Kh2 Qc7 34. Bxd5 Bxd5 35. Rxd5 Qc6 36. Qd3 Rc2 37. Qd4+ Kh7 38. e4 Bc5 39. Qd1 Rxf2+ 40. Kh3
1-0

[Event "Bayern KO"]
[Site "SchemingMind.com"]
[Date "2017.11.15"]
[Round "-"]
[White "kenneth m day"]
[Black "Wojtek26"]
[Result "1-0"]
[WhiteCountry "USA"]
[BlackCountry "POL"]
[WhiteElo "1759"]
[WhiteRD "62"]
[BlackElo "1426"]
[BlackRD "54"]
[GameID "420629"]

1. e4 e5 2. Nf3 Nc6 3. c3 Nf6 4. d4 exd4 5. e5 Ng4 6. cxd4 Bb4+ 7. Nc3 d6 8. Be2 O-O 9. Bg5 f6 10. exf6 Nxf6
11. O-O Bxc3 12. bxc3 h6 13. Bh4 b6 14. Re1 Bb7 15. Bd3 g5 16. Bg3 Nh5 17. Re6 Nxg3 18. hxg3 Ne7 19. Qe2 Nd5 20. Rxh6 Rf6
21. Rxf6 Qxf6 22. Qe4 Rb8 23. Qh7+ Kf8 24. Re1 Nxc3 25. Qxc7 Qd8 26. Qh7 Bxf3 27. gxf3 Qf6 28. Qxa7 Re8 29. Rxe8+ Kxe8 30. Qxb6 Nxa2
31. Qb8+ Qd8 32. Bb5+ Ke7 33. Qa7+ Kf6 34. Qxa2 Qb6 35. Be8 Qxd4 36. Qf7+ Ke5 37. Qg7+ Kd5 38. Qxg5+ Kc4 39. Bb5+ Kc3 40. Qe3+
1-0

[Event "Bayern KO"]
[Site "SchemingMind.com"]
[Date "2017.11.14"]
[Round "-"]
[White "Wojtek26"]
[Black "kenneth m day"]
[Result "1/2-1/2"]
[WhiteCountry "POL"]
[BlackCountry "USA"]
[WhiteElo "1457"]
[WhiteRD "52"]
[BlackElo "1731"]
[BlackRD "61"]
[GameID "420630"]

1. d4 Nf6 2. Nf3 e6 3. e3 c5 4. Bc4 d5 5. Bb5+ Bd7 6. Bxd7+ Nbxd7 7. O-O Be7 8. Nbd2 O-O 9. Nb3 Rc8 10. dxc5 Nxc5
11. Nxc5 Bxc5 12. b3 Ne4 13. Nd2 Qf6 14. Nxe4 dxe4 15. Rb1 Rfd8 16. Qe2 Bb4 17. Bb2 Bc3 18. Bxc3 Qxc3 19. Rfd1 f5 20. a4 Rxd1+
21. Rxd1 Qxc2 22. Qxc2 Rxc2 23. Rb1 e5 24. b4 g5 25. Kf1 Kf7 26. Rd1 Rc7=
1/2-1/2

[Event "Bayern KO"]
[Site "SchemingMind.com"]
[Date "2017.11.21"]
[Round "-"]
[White "Scooter"]
[Black "grabapawn"]
[Result "1-0"]
[WhiteCountry "USA"]
[BlackCountry "USA"]
[WhiteElo "1688"]
[WhiteRD "56"]
[BlackElo "1573"]
[BlackRD "54"]
[GameID "421054"]

1. d4 d6 2. Nf3 Nd7 3. Bf4 Ngf6 4. e3 e6 5. Be2 Be7 6. O-O h6 7. Nbd2 Nf8 8. h3 g5 9. Bh2 Ng6 10. c4 g4
11. hxg4 Nxg4 12. Bg3 h5 13. Nh2 Bh4 14. Bxh4 Qxh4 15. Ndf3 Qf6 16. g3 Nxh2 17. Nxh2 e5 18. dxe5 Nxe5 19. Bxh5 Bf5 20. Ng4 Nxg4
21. Bxg4 Qh6 22. Bh5 Bg6 23. Kg2 Bxh5 24. Qa4+ c6 25. Rh1 Qf6 26. g4 Qg6 27. Qd1 O-O-O 28. Kg3 d5 29. c5 f5 30. f3 fxg4
31. fxg4 Rdg8 32. Rh4 Qe4 33. Qe2 Rxg4+ 34. Rxg4 Qe5+ 35. Kg2 Bxg4 36. Qxg4+ Kb8 37. Qf4 Qxf4 38. exf4 Rg8+ 39. Kf2 b6 40. b4 Kb7
41. Re1 Ka6 42. cxb6 axb6 43. a4 d4 44. Kf3 c5 45. bxc5 bxc5 46. Re6+ Ka5 47. Rc6 Kb4 48. a5 Ra8 49. a6 Kb5 50. Re6 Rxa6
51. Rxa6 Kxa6 52. f5 d3 53. f6 c4 54. f7 d2 55. Ke2
1-0

[Event "Bayern KO"]
[Site "SchemingMind.com"]
[Date "2017.11.21"]
[Round "-"]
[White "grabapawn"]
[Black "Scooter"]
[Result "1-0"]
[WhiteCountry "USA"]
[BlackCountry "USA"]
[WhiteElo "1573"]
[WhiteRD "54"]
[BlackElo "1688"]
[BlackRD "56"]
[GameID "421055"]

1. d4 Nf6 2. Bf4 g6 3. e3 Bg7 4. Nd2 O-O 5. Bd3 d6 6. Qe2 Nc6 7. O-O-O Nb4 8. h3 Nxa2+ 9. Kb1 Nb4 10. Bc4 Nbd5
11. Bh2 Nb6 12. Ba2 Re8 13. g4 e5 14. h4 Bxg4 15. f3 Bh5 16. Nh3 e4 17. Nf4 exf3 18. Nxf3 Bxf3 19. Qxf3 Re4 20. h5 Nbd5
21. Nxd5 Rh4 22. hxg6 hxg6 23. Nxf6+ Bxf6 24. e4 Kg7 25. e5
1-0

[Event "Bayern KO"]
[Site "SchemingMind.com"]
[Date "2017.12.05"]
[Round "-"]
[White "maro"]
[Black "Clive Everill"]
[Result "0-1"]
[WhiteCountry "MEX"]
[BlackCountry "CZE"]
[WhiteElo "1465"]
[WhiteRD "75"]
[BlackElo "1733"]
[BlackRD "60"]
[GameID "421436"]

1. e4 d6 2. d4 Nf6 3. Nc3 g6 4. Bf4 Nbd7 5. Bc4 e5 6. dxe5 dxe5 7. Bg5 Bg7 8. Nf3 O-O 9. O-O Qe8 10. Nh4 Nc5
11. Re1 c6 12. f4 b5 13. Bb3 a5 14. a4 b4 15. Nb1 Nfxe4 16. Bd8 Qxd8 17. g3 Nxb3 18. cxb3 Qb6+ 19. Kg2 Qf2+ 20. Kh1 Nf6
21. fxe5 Ng4 22. Ng2 Bxe5 23. Re2 Qc5 24. Qe1 Re8 25. Nd2 Ba6 26. Ne4 Qb6 27. Rc2 Bd3 28. Rd2 Bxe4 29. Qxe4 Nf2+ 30. Rxf2 Qxf2
31. Re1 Bxg3
0-1

[Event "Bayern KO"]
[Site "SchemingMind.com"]
[Date "2017.12.05"]
[Round "-"]
[White "Clive Everill"]
[Black "maro"]
[Result "1-0"]
[WhiteCountry "CZE"]
[BlackCountry "MEX"]
[WhiteElo "1733"]
[WhiteRD "60"]
[BlackElo "1465"]
[BlackRD "75"]
[GameID "421437"]

1. e4 e5 2. f4 exf4 3. Nf3 Bc5 4. d4 Bb4+ 5. c3 Bd6 6. e5 Be7 7. Bxf4 d6 8. Bc4 d5 9. Bd3 g6 10. O-O f5
11. exf6 Nxf6 12. Bh6 Ng4 13. Bd2 h6 14. Bxg6+ Kd7 15. Ne5+ Nxe5 16. dxe5 c6 17. Bf4 Bc5+ 18. Kh1 Kc7 19. e6+ Kb6 20. Qb3+ Ka6
21. Bd3+ b5 22. Na3 Bxa3 23. Qxa3+ Kb6 24. e7 Qe8 25. Be3+ Kc7 26. Qa5+ Kd7 27. Bf5+ Kxe7 28. Qc7+ Kf6 29. Bd4+ Kg5 30. Qg7+
1-0

[Event "Bayern KO"]
[Site "SchemingMind.com"]
[Date "2017.12.10"]
[Round "-"]
[White "fu_manchu"]
[Black "Nouveau L"]
[Result "1-0"]
[WhiteCountry "CAN"]
[BlackCountry "FRA"]
[WhiteElo "1875"]
[WhiteRD "76"]
[BlackElo "2003"]
[BlackRD "76"]
[GameID "421705"]

1. d4 Nf6 2. c4 e6 3. Nc3 Bb4 4. e3 O-O 5. Bd3 d5 6. Nf3 c5 7. O-O cxd4 8. exd4 dxc4 9. Bxc4 b6 10. Bg5 Bb7
11. a3 Bxc3 12. bxc3 Nbd7 13. Ne5 Nxe5 14. dxe5 Qxd1 15. Raxd1 Ne4 16. Bd2
1-0

[Event "Bayern KO"]
[Site "SchemingMind.com"]
[Date "2017.12.09"]
[Round "-"]
[White "Nouveau L"]
[Black "fu_manchu"]
[Result "0-1"]
[WhiteCountry "FRA"]
[BlackCountry "CAN"]
[WhiteElo "2003"]
[WhiteRD "76"]
[BlackElo "1875"]
[BlackRD "76"]
[GameID "421706"]

1. d4 Nf6 2. c4 c5 3. d5 e6 4. Nc3 exd5 5. cxd5 d6 6. Nf3 Bg4 7. Nd2 Be7 8. h3 Bh5 9. g4 Bg6 10. Bg2 O-O
11. O-O h6 12. e4 Nbd7 13. f4 c4 14. Nxc4 Rc8 15. Qe2 b5 16. Nxb5 a6
0-1

[Event "Bayern KO"]
[Site "SchemingMind.com"]
[Date "2017.12.12"]
[Round "-"]
[White "ray winteringham"]
[Black "smothered mate"]
[Result "0-1"]
[WhiteCountry "ENG"]
[BlackCountry "POL"]
[WhiteElo "1481"]
[WhiteRD "50"]
[BlackElo "2093"]
[BlackRD "84"]
[GameID "421808"]

1. e4 e6 2. d4 d5 3. Nc3 Nf6 4. Bd3 dxe4 5. Nxe4 Nxe4 6. Bxe4 Be7 7. Ne2 c6 8. c3 Nd7 9. Bf4 Nf6 10. Bf3 O-O
11. O-O Nd5 12. Bg3 Bf6 13. h3 Qb6 14. Qc2 Bd7 15. Nf4 Rac8 16. Rab1 Rfd8 17. Be4 g6 18. a3 Bg7 19. Bh4 Nxf4 20. Bxd8 Qxd8
21. Qb3 Qc7 22. Bf3 e5 23. d5 cxd5 24. Bxd5 Nxd5 25. Qc2 Bf5 26. Qd2 Bxb1 27. Rxb1 Nf4 28. Rd1 Qc6 29. f3 Bf6
0-1

[Event "Bayern KO"]
[Site "SchemingMind.com"]
[Date "2017.12.12"]
[Round "-"]
[White "smothered mate"]
[Black "ray winteringham"]
[Result "1-0"]
[WhiteCountry "POL"]
[BlackCountry "ENG"]
[WhiteElo "2093"]
[WhiteRD "84"]
[BlackElo "1481"]
[BlackRD "50"]
[GameID "421809"]

1. e4 c5 2. c3 Nc6 3. d4 e6 4. d5 exd5 5. exd5 Ne5 6. Bf4 d6 7. Nf3 Qf6 8. Bxe5 dxe5 9. Nbd2 Bd6 10. Bb5+ Ke7
11. Ne4 Qh6 12. Nfd2 Nf6 13. Nxd6 Kxd6 14. Nc4+ Ke7 15. d6+ Ke6 16. d7 Rd8 17. Qd6+ Kf5 18. Qxe5+ Kg6 19. Nd6 Bxd7 20. Bd3+ Ne4
21. Bxe4+ f5 22. Bxf5+ Kh5 23. g4+ Kh4 24. Qg3+ Kg5 25. Ne4#
1-0